[Event "SERBIA CHESS OPEN 2021 – MASTERS"]
[Site "Belgrade, Hotel Metropol"]
[Date "2021.07.06"]
[Round "6.103"]
[White "Tanmay, Chopra"]
[Black "Trost, Edvin"]
[Result "1/2-1/2"]
[WhiteElo "2273"]
[BlackElo "2184"]
[PlyCount "73"]
[EventDate "2021.??.??"]

1. d4 d5 2. c4 c6 3. Nf3 Nf6 4. Nc3 dxc4 5. a4 Bf5 6. e3 e6 7. Bxc4 Bb4 8. O-O
O-O 9. Ne5 Nbd7 10. Nxd7 Qxd7 11. f3 Rfd8 12. Qb3 Qe7 13. e4 Bg6 14. Ne2 Ne8
15. Bg5 Qxg5 16. Qxb4 a5 17. Qc3 Qe7 18. Bb3 f6 19. Nf4 Bf7 20. Rad1 Nc7 21.
Nd3 Na6 22. Rfe1 Qd6 23. Nf2 Qb4 24. Qxb4 Nxb4 25. Ng4 Rd7 26. e5 h5 27. Nf2 f5
28. g4 g6 29. gxf5 gxf5 30. Nh3 Rad8 31. Ng5 Rxd4 32. Rxd4 Rxd4 33. Bxe6 Bxe6
34. Nxe6 Rd2 35. Nf4 Nd3 36. Nxd3 Rxd3 37. Kf2 1/2-1/2

[Event "SERBIA CHESS OPEN 2021 – MASTERS"]
[Site "Belgrade, Hotel Metropol"]
[Date "2021.07.06"]
[Round "6.104"]
[White "Kanov, Nikola"]
[Black "Dev, Shah"]
[Result "1-0"]
[WhiteElo "2140"]
[BlackElo "2270"]
[PlyCount "77"]
[EventDate "2021.??.??"]

1. e4 e5 2. Nf3 Nc6 3. Bc4 Bc5 4. d3 d6 5. c3 Nf6 6. Bb3 h6 7. h3 Bb6 8. Nbd2
Ne7 9. Nf1 Ng6 10. Ng3 Be6 11. d4 Bxb3 12. Qxb3 exd4 13. cxd4 O-O 14. O-O d5
15. e5 Ne4 16. Qd3 Nxg3 17. fxg3 Qe7 18. Kh2 c5 19. dxc5 Qxc5 20. Bd2 d4 21.
Rae1 Rae8 22. e6 f5 23. a3 Qd5 24. Bc3 Rxe6 25. Rxe6 Qxe6 26. Nxd4 Bxd4 27.
Qxd4 Rf7 28. Qxa7 Qd6 29. Qa4 Kh7 30. Qc4 Qd7 31. Rd1 Qe8 32. Rd8 Qe7 33. Qd3
Ne5 34. Qd2 Nc6 35. Rd6 Qc7 36. Qd3 Kg8 37. Qd5 Kh7 38. Qe6 Nd8 39. Rxd8 1-0

[Event "SERBIA CHESS OPEN 2021 – MASTERS"]
[Site "Belgrade, Hotel Metropol"]
[Date "2021.07.06"]
[Round "6.105"]
[White "Ljepic, Andrej"]
[Black "Jocev, Milan"]
[Result "0-1"]
[WhiteElo "2136"]
[BlackElo "2260"]
[PlyCount "60"]
[EventDate "2021.??.??"]

1. e4 c6 2. d4 d5 3. e5 Bf5 4. h4 h5 5. c4 e6 6. Nc3 Nd7 7. cxd5 cxd5 8. Nge2
Ne7 9. Bg5 Qb6 10. Qd2 Nc6 11. Rc1 Rc8 12. Be3 Be7 13. Ng3 Bg6 14. f4 Qd8 15.
f5 exf5 16. Qf2 f4 17. Qxf4 Nf8 18. Bb5 Ne6 19. Qf2 Bxh4 20. Ba4 O-O 21. Rh3
Nb4 22. Bb5 f6 23. Qd2 fxe5 24. a3 Nf4 25. Bxf4 exf4 26. axb4 fxg3 27. Ra1 Rf2
28. Qe3 Rc7 29. Kd1 Bc2+ 30. Kc1 Bg5 0-1

[Event "SERBIA CHESS OPEN 2021 – MASTERS"]
[Site "Belgrade, Hotel Metropol"]
[Date "2021.07.06"]
[Round "6.106"]
[White "Debevec, Blaz"]
[Black "Manakova, Maria"]
[Result "0-1"]
[WhiteElo "2135"]
[BlackElo "2254"]
[PlyCount "99"]
[EventDate "2021.??.??"]

1. e4 c5 2. Nc3 Nc6 3. Nge2 Nf6 4. d4 cxd4 5. Nxd4 e5 6. Ndb5 d6 7. Bg5 a6 8.
Na3 b5 9. Nd5 Be7 10. Bxf6 Bxf6 11. c4 b4 12. Nc2 Rb8 13. b3 Bg5 14. g3 O-O 15.
Bg2 g6 16. O-O f5 17. exf5 gxf5 18. f4 Bh6 19. Qh5 Bg7 20. Rad1 Bd7 21. Kh1 Qa5
22. fxe5 Bxe5 23. Nce3 Be8 24. Qg5+ Kh8 25. Nxf5 Qxa2 26. Rde1 Bg6 27. Nh4 Bd3
28. Rxf8+ Rxf8 29. Nf4 Bxf4 30. gxf4 Qf2 31. Qg3 Qxg3 32. hxg3 Na5 33. Rd1 Bc2
34. Rxd6 Nxb3 35. Rxa6 Nc5 36. Rh6 b3 37. Nf3 Na4 38. Rd6 b2 39. Nd2 Re8 40.
Bf3 Nc5 41. Rb6 Nb3 42. c5 Nxd2 43. Rxb2 Nxf3 44. Rxc2 Rc8 45. Rc3 Nd4 46. Kg2
Kg7 47. c6 Rxc6 48. Rxc6 Nxc6 49. g4 Kf6 50. Kf3 0-1

[Event "SERBIA CHESS OPEN 2021 – MASTERS"]
[Site "Belgrade, Hotel Metropol"]
[Date "2021.07.06"]
[Round "6.107"]
[White "Azaric, Slavko"]
[Black "Gokcek, Kursat Bugra"]
[Result "0-1"]
[WhiteElo "2254"]
[BlackElo "2089"]
[PlyCount "88"]
[EventDate "2021.??.??"]

1. e4 c5 2. Nf3 e6 3. g3 Nc6 4. Bg2 Nf6 5. d3 d6 6. O-O Be7 7. c3 O-O 8. Re1
Bd7 9. Nbd2 Qc7 10. Qe2 Rac8 11. h3 b5 12. Nf1 Ne5 13. d4 Nxf3+ 14. Bxf3 Bc6
15. d5 exd5 16. exd5 Bxd5 17. Bxd5 Nxd5 18. Qe4 Qc6 19. a4 a6 20. axb5 axb5 21.
Rd1 Nxc3 22. Qxe7 Nxd1 23. Qe2 Nxf2 24. Qxf2 Ra8 25. Ra3 Rxa3 26. bxa3 d5 27.
Ne3 Re8 28. Qf3 Qe6 29. Kh2 d4 30. Ng2 c4 31. Qb7 c3 32. Qxb5 Qe2 33. Qc6 h6
34. a4 Qe6 35. Qc5 Qe5 36. Qc4 Rd8 37. Bf4 Qf5 38. g4 Qc2 39. Qc7 Re8 40. Be5
Qe4 41. Bf4 g5 42. Bg3 c2 43. a5 d3 44. Qc3 Qd5 0-1

[Event "SERBIA CHESS OPEN 2021 – MASTERS"]
[Site "Belgrade, Hotel Metropol"]
[Date "2021.07.06"]
[Round "6.108"]
[White "Antova, Gabriela"]
[Black "Rutten, Alexander"]
[Result "1-0"]
[WhiteElo "2241"]
[BlackElo "2082"]
[PlyCount "53"]
[EventDate "2021.??.??"]

1. d4 d5 2. c4 c6 3. Nf3 Nf6 4. e3 e6 5. Nbd2 Nbd7 6. Bd3 dxc4 7. Nxc4 c5 8. a4
Be7 9. a5 O-O 10. O-O cxd4 11. exd4 Nd5 12. Bd2 N7f6 13. Qb3 Bd7 14. Nfe5 Be8
15. Rac1 Rb8 16. Rfd1 Nd7 17. Bb1 N7f6 18. Qh3 Bb5 19. Bg5 Bxc4 20. Rxc4 g6 21.
Bd2 Re8 22. Bc2 Qd6 23. Rc1 Rec8 24. Bxg6 Rxc4 25. Bxf7+ Kh8 26. Nxc4 Qa6 27.
Qxe6 1-0

[Event "SERBIA CHESS OPEN 2021 – MASTERS"]
[Site "Belgrade, Hotel Metropol"]
[Date "2021.07.06"]
[Round "6.109"]
[White "Radojicic, Aleksandar M"]
[Black "Spiric, Igor"]
[Result "0-1"]
[WhiteElo "2112"]
[BlackElo "2241"]
[PlyCount "70"]
[EventDate "2021.??.??"]

1. d4 e6 2. Nc3 Nf6 3. e4 c5 4. d5 d6 5. Nf3 e5 6. h3 Be7 7. Be3 Nbd7 8. a4 O-O
9. Be2 Re8 10. Qd2 Nf8 11. O-O h6 12. a5 Ng6 13. Bd3 Bd7 14. Rfb1 Qc8 15. b4 c4
16. Bf1 a6 17. Qe2 Nf4 18. Bxf4 exf4 19. Qxc4 Qxc4 20. Bxc4 Rac8 21. Nd2 Rxc4
22. Nxc4 Rc8 23. Nxd6 Bxd6 24. Ra3 Be5 25. Rbb3 Ne8 26. b5 axb5 27. Nxb5 Rxc2
28. f3 Bxb5 29. Rxb5 Rc1+ 30. Kf2 Nd6 31. Rb4 Rc2+ 32. Kg1 Nc4 33. Raa4 Rc1+
34. Kh2 Ne3 35. h4 h5 0-1

[Event "SERBIA CHESS OPEN 2021 – MASTERS"]
[Site "Belgrade, Hotel Metropol"]
[Date "2021.07.06"]
[Round "6.110"]
[White "Zhukenov, Aituar"]
[Black "Khachatryan, Anna"]
[Result "1-0"]
[WhiteElo "2241"]
[BlackElo "1966"]
[PlyCount "93"]
[EventDate "2021.??.??"]

1. e4 c5 2. Nf3 Nc6 3. Bb5 g6 4. O-O Bg7 5. c3 Nf6 6. Re1 O-O 7. d4 cxd4 8.
cxd4 d5 9. e5 Ne4 10. Bxc6 bxc6 11. Be3 f6 12. Nbd2 Nxd2 13. Qxd2 Bg4 14. exf6
exf6 15. Bh6 Bxf3 16. gxf3 Bxh6 17. Qxh6 Qd7 18. Kg2 Rae8 19. b4 Re6 20. Rxe6
Qxe6 21. Rc1 Qd6 22. Qe3 Kf7 23. Qa3 Qd7 24. Qa6 Rb8 25. Rxc6 Rxb4 26. Rxf6+
Kg7 27. Rf4 Rb6 28. Qa3 Rf6 29. Rxf6 Kxf6 30. Qf8+ Ke6 31. f4 Qf7 32. Qb8 Qd7
33. Kg3 Kf7 34. Qh8 Ke6 35. Qg8+ Qf7 36. Qc8+ Kf6 37. Qh8+ Qg7 38. Qd8+ Ke6 39.
Qe8+ Qe7 40. Qc6+ Qd6 41. Qxd6+ Kxd6 42. Kg4 Ke6 43. Kg5 a6 44. h3 a5 45. a4
Kf7 46. f5 h6+ 47. Kxh6 1-0

[Event "SERBIA CHESS OPEN 2021 – MASTERS"]
[Site "Belgrade, Hotel Metropol"]
[Date "2021.07.06"]
[Round "6.111"]
[White "Maksimenko, Viktor"]
[Black "Tomic, Stjepan"]
[Result "1-0"]
[WhiteElo "2239"]
[BlackElo "1928"]
[PlyCount "148"]
[EventDate "2021.??.??"]

1. Nf3 d5 2. g3 Nf6 3. Bg2 c6 4. d3 Bf5 5. O-O e6 6. Nh4 Bg6 7. Nxg6 hxg6 8. c4
Nbd7 9. cxd5 exd5 10. e4 dxe4 11. dxe4 Nb6 12. Qc2 Be7 13. Nc3 Qd7 14. Rd1 Qe6
15. Ne2 O-O 16. b3 Rad8 17. Bb2 Rxd1+ 18. Rxd1 Rd8 19. Rxd8+ Bxd8 20. Nf4 Qe8
21. Qc3 Qd7 22. Nd3 Be7 23. h4 Bf8 24. Bf3 Qe7 25. Qe5 Qd7 26. Qd4 Qxd4 27.
Bxd4 Be7 28. Nc5 Bxc5 29. Bxc5 Nfd7 30. Bd4 f6 31. Be2 Kf7 32. f4 a6 33. Kf2
Nc8 34. Ke3 Nd6 35. g4 c5 36. Bb2 b5 37. e5 Ne8 38. Ke4 Nc7 39. h5 gxh5 40.
gxh5 fxe5 41. fxe5 Nf8 42. Bc1 Nfe6 43. Be3 Ke7 44. Bf1 Kf7 45. Bd2 Ke7 46. Ba5
Kf7 47. Bb6 Ke7 48. a4 Kf7 49. axb5 axb5 50. Ba5 Ke7 51. b4 cxb4 52. Bxb4+ Kf7
53. Bd6 Ke8 54. Bd3 Kf7 55. Bb1 Kg8 56. Kf5 Kh7 57. Kg4+ Kg8 58. Bg6 Na6 59.
Be8 Nac7 60. Bg6 Na6 61. Kf3 Nac5 62. Ke3 b4 63. Kd2 Kh8 64. Ke3 Kg8 65. Bf5
Kf7 66. Bxe6+ Nxe6 67. Bxb4 Nc7 68. Bd6 Ne8 69. Kf4 Ke6 70. Kg5 Kf7 71. Kf5 Kg8
72. Kg6 Kh8 73. Kf7 Nf6 74. exf6 g6 1-0

[Event "SERBIA CHESS OPEN 2021 – MASTERS"]
[Site "Belgrade, Hotel Metropol"]
[Date "2021.07.06"]
[Round "6.112"]
[White "Andreev, Stanislav"]
[Black "Hasanzade, Toghrul"]
[Result "1/2-1/2"]
[WhiteElo "2101"]
[BlackElo "2323"]
[PlyCount "142"]
[EventDate "2021.??.??"]

1. d4 Nf6 2. c4 g6 3. Nc3 d5 4. cxd5 Nxd5 5. e4 Nxc3 6. bxc3 Bg7 7. Qa4+ Qd7 8.
Qa3 O-O 9. Nf3 Qd6 10. Be2 c5 11. O-O Nc6 12. e5 Qd5 13. c4 Qd7 14. Qxc5 b6 15.
Qd5 Qxd5 16. cxd5 Nb4 17. Ba3 Nxd5 18. Bc4 Rd8 19. h3 e6 20. Ng5 Bb7 21. Bd6
Rac8 22. Rac1 Bh6 23. h4 Nf4 24. f3 Bd5 25. Ba6 Bb7 26. Rxc8 Bxc8 27. Bb5 Bb7
28. Rc1 Nd5 29. Rc2 Rc8 30. Rxc8+ Bxc8 31. Kf2 Nc3 32. Bc6 Ba6 33. a3 Nd1+ 34.
Ke1 Ne3 35. Be8 Nxg2+ 36. Kf2 Nxh4 37. Nxf7 Bf8 38. Ng5 Nf5 39. Bf7+ Kg7 40.
Bxf8+ Kxf8 41. Bxe6 Nxd4 42. Nxh7+ Ke7 43. Ba2 Bb5 44. Bb1 Be8 45. Bd3 a5 46.
Ke3 Ne6 47. Nf6 Nf8 48. Nd5+ Ke6 49. Nxb6 Kxe5 50. Nc4+ Kf6 51. Nxa5 Ne6 52.
Nb3 Bc6 53. Be4 Bd7 54. Nd4 g5 55. Nxe6 Kxe6 56. Bc2 Kd6 57. Kd4 g4 58. f4 g3
59. Ke3 Bc6 60. a4 Kc5 61. f5 Kd6 62. a5 Bb7 63. Ke2 Ke5 64. Kf1 Kf6 65. Kg1
Ke5 66. Bd3 Kf6 67. Bc2 Ke5 68. Kf1 Kf6 69. Ke2 Ke5 70. Ke3 Kf6 71. Bd3 Ke5
1/2-1/2

[Event "SERBIA CHESS OPEN 2021 – MASTERS"]
[Site "Belgrade, Hotel Metropol"]
[Date "2021.07.06"]
[Round "6.113"]
[White "Zakic, Srdjan"]
[Black "Arsenovic, Milos"]
[Result "1-0"]
[WhiteElo "2324"]
[BlackElo "2181"]
[PlyCount "51"]
[EventDate "2021.??.??"]

1. e4 c6 2. d4 d5 3. e5 Bf5 4. Nd2 e6 5. Nb3 Nd7 6. Nf3 a6 7. Bg5 f6 8. exf6
gxf6 9. Bh4 Ne7 10. Bd3 Bxd3 11. Qxd3 Ng6 12. O-O-O Kf7 13. Rhe1 Bd6 14. g3 a5
15. Kb1 Qc7 16. Re2 Rhe8 17. Rde1 a4 18. Nbd2 c5 19. c4 Nb6 20. cxd5 Nxd5 21.
dxc5 Bxc5 22. Ne4 Ra6 23. Bxf6 Nxf6 24. Nfg5+ Kg7 25. Qc3 Rc6 26. Nxf6 1-0

[Event "SERBIA CHESS OPEN 2021 – MASTERS"]
[Site "Belgrade, Hotel Metropol"]
[Date "2021.07.06"]
[Round "6.114"]
[White "Karaoglan, Kivanc"]
[Black "Sterck, Arno"]
[Result "1/2-1/2"]
[WhiteElo "2192"]
[BlackElo "2319"]
[PlyCount "35"]
[EventDate "2021.??.??"]

1. e4 c6 2. d4 d5 3. Nc3 dxe4 4. Nxe4 Nf6 5. Nxf6+ exf6 6. c3 Bd6 7. Bd3 O-O 8.
Qc2 Re8+ 9. Ne2 h5 10. O-O h4 11. h3 Nd7 12. Be3 Nf8 13. Rad1 Bd7 14. Rfe1 Qc8
15. Nf4 Qc7 16. Qd2 Ne6 17. Nxe6 Bxe6 18. c4 1/2-1/2

[Event "SERBIA CHESS OPEN 2021 – MASTERS"]
[Site "Belgrade, Hotel Metropol"]
[Date "2021.07.06"]
[Round "6.115"]
[White "Velikic, Adela"]
[Black "Kostov, Deyan Samuil"]
[Result "1-0"]
[WhiteElo "2308"]
[BlackElo "2215"]
[PlyCount "63"]
[EventDate "2021.??.??"]

1. d4 d5 2. c4 dxc4 3. Nf3 a6 4. e3 Bg4 5. h3 Bh5 6. Nbd2 e6 7. g4 Bg6 8. Ne5
Nf6 9. Bg2 c6 10. Nxg6 hxg6 11. Nxc4 Nbd7 12. Bd2 a5 13. O-O b5 14. Na3 Qb6 15.
Rc1 Rc8 16. Qb3 Qa6 17. Rc2 b4 18. Rfc1 c5 19. Bf1 Qa8 20. Nc4 Be7 21. Qa4 O-O
22. g5 cxd4 23. gxf6 Nxf6 24. Bg2 Qb8 25. exd4 Nd5 26. Nxa5 Rxc2 27. Qxc2 Bf6
28. Nc6 Qb5 29. Qc4 Qa4 30. Nxb4 Nxb4 31. Bxb4 Re8 32. Bc5 1-0

[Event "SERBIA CHESS OPEN 2021 – MASTERS"]
[Site "Belgrade, Hotel Metropol"]
[Date "2021.07.06"]
[Round "6.116"]
[White "Kostic, Vladimir G"]
[Black "Mijatovic, Dusan"]
[Result "1-0"]
[WhiteElo "2297"]
[BlackElo "2202"]
[PlyCount "45"]
[EventDate "2021.??.??"]

1. e4 e6 2. d4 d5 3. exd5 exd5 4. Nf3 Bd6 5. c4 Nf6 6. Nc3 dxc4 7. Bxc4 h6 8.
O-O O-O 9. Qc2 Nc6 10. h3 a6 11. Rd1 b5 12. Bb3 Bb7 13. Bxh6 gxh6 14. Qg6+ Kh8
15. Qxh6+ Nh7 16. Ne4 f5 17. Nh4 Rg8 18. Bxg8 Kxg8 19. Nxf5 Bf8 20. Qg6+ Kh8
21. Nc5 Qc8 22. Re1 Nxd4 23. Re7 1-0

[Event "SERBIA CHESS OPEN 2021 – MASTERS"]
[Site "Belgrade, Hotel Metropol"]
[Date "2021.07.06"]
[Round "6.117"]
[White "Janjic, Stefan"]
[Black "Fernandez Lledo, Javier"]
[Result "0-1"]
[WhiteElo "2191"]
[BlackElo "2288"]
[PlyCount "66"]
[EventDate "2021.??.??"]

1. d4 Nf6 2. Nf3 b6 3. g3 Bb7 4. Bg2 g6 5. c4 Bg7 6. Nc3 Ne4 7. Nxe4 Bxe4 8.
O-O O-O 9. d5 Na6 10. Ne1 Bxg2 11. Kxg2 f5 12. Rb1 Nc5 13. Be3 e5 14. Bxc5 bxc5
15. Nd3 Qe7 16. b4 cxb4 17. Nxb4 e4 18. Na6 Qd6 19. Qa4 f4 20. c5 f3+ 21. exf3
exf3+ 22. Kh1 Qe5 23. Qxd7 Rae8 24. Qxc7 Qf5 25. Rb7 Qf6 26. d6 Re6 27. Nb4 Kh8
28. Nd5 Qd4 29. Nf4 Re4 30. Rxa7 Rg8 31. a4 Re5 32. c6 Qxf2 33. Qa5 Rxa5 0-1

[Event "SERBIA CHESS OPEN 2021 – MASTERS"]
[Site "Belgrade, Hotel Metropol"]
[Date "2021.07.06"]
[Round "6.118"]
[White "Ozkan, Ervin"]
[Black "Meier, Volker"]
[Result "1/2-1/2"]
[WhiteElo "2147"]
[BlackElo "2285"]
[PlyCount "65"]
[EventDate "2021.??.??"]

1. d4 Nf6 2. Nf3 g6 3. Bg5 Bg7 4. Nbd2 d5 5. e3 O-O 6. h3 c5 7. c3 b6 8. Be2
Ba6 9. O-O Bxe2 10. Qxe2 Nbd7 11. a4 a6 12. Rfd1 Qc7 13. Bf4 Qb7 14. Ne5 Rac8
15. Nd3 Rfe8 16. Rdc1 Ne4 17. Nxe4 dxe4 18. Ne5 Nxe5 19. dxe5 Red8 20. Rd1 b5
21. axb5 axb5 22. Ra5 c4 23. Rd4 Rxd4 24. exd4 Ra8 25. Rxa8+ Qxa8 26. f3 exf3
27. Qxf3 Qxf3 28. gxf3 e6 29. Kf2 Kf8 30. Ke3 Ke7 31. Ke4 f5+ 32. exf6+ Bxf6
33. d5 1/2-1/2

[Event "SERBIA CHESS OPEN 2021 – MASTERS"]
[Site "Belgrade, Hotel Metropol"]
[Date "2021.07.06"]
[Round "6.119"]
[White "Djokic, Mihailo"]
[Black "Durak, Can"]
[Result "1-0"]
[WhiteElo "2129"]
[BlackElo "2275"]
[PlyCount "73"]
[EventDate "2021.??.??"]

1. e4 e5 2. Nf3 Nc6 3. Nc3 Nf6 4. Bb5 Nd4 5. Ba4 c6 6. Nxe5 d6 7. Nf3 Bg4 8. d3
Bh5 9. Be3 Nxf3+ 10. gxf3 Be7 11. Rg1 d5 12. exd5 Nxd5 13. Nxd5 Qxd5 14. Bb3
Qe5 15. f4 Qxb2 16. Rb1 Qc3+ 17. Qd2 Qxd2+ 18. Kxd2 Bf6 19. Bc5 b6 20. Bd6 Kd7
21. Be5 Rae8 22. Rbe1 Bg6 23. d4 Bh4 24. f5 Bxf2 25. fxg6 Bxe1+ 26. Rxe1 f6 27.
Bxf6 Rxe1 28. Kxe1 hxg6 29. Be5 b5 30. Kf2 Ke7 31. Kg3 Kf8 32. c4 bxc4 33. Bxc4
Rh5 34. Be6 Ke7 35. Bg4 Rh8 36. Bf3 Kd7 37. h4 1-0

[Event "SERBIA CHESS OPEN 2021 – MASTERS"]
[Site "Belgrade, Hotel Metropol"]
[Date "2021.07.06"]
[Round "6.120"]
[White "Milikow, Elie"]
[Black "Pavlov, Mark"]
[Result "1/2-1/2"]
[WhiteElo "2270"]
[BlackElo "2195"]
[PlyCount "68"]
[EventDate "2021.??.??"]

1. e4 d6 2. d4 g6 3. Nc3 Bg7 4. Be3 a6 5. Bc4 b5 6. Bb3 e6 7. a3 Nd7 8. Qd2
Ngf6 9. f3 Bb7 10. Nh3 O-O 11. Nf2 c5 12. O-O Qc7 13. Rfd1 Rfd8 14. Ba2 Rac8
15. dxc5 dxc5 16. Qd6 Qxd6 17. Rxd6 b4 18. axb4 cxb4 19. Na4 Rxc2 20. Rad1 Rdc8
21. Bb3 R2c7 22. Nb6 Nxb6 23. Bxb6 Rc1 24. Nd3 Rxd1+ 25. Bxd1 Bc6 26. Nxb4 Bb5
27. Rd8+ Rxd8 28. Bxd8 Nd7 29. b3 Bd4+ 30. Kh1 Nc5 31. Bc2 f5 32. exf5 exf5 33.
Nd5 Kf7 34. Nc7 Bf6 1/2-1/2

[Event "SERBIA CHESS OPEN 2021 – MASTERS"]
[Site "Belgrade, Hotel Metropol"]
[Date "2021.07.06"]
[Round "6.121"]
[White "Ratsma, Midas"]
[Black "Vasic, Vladimir"]
[Result "1-0"]
[WhiteElo "2259"]
[BlackElo "2119"]
[PlyCount "85"]
[EventDate "2021.??.??"]

1. e4 e5 2. Nf3 Nc6 3. Bb5 a6 4. Ba4 Nf6 5. O-O Be7 6. Re1 b5 7. Bb3 d6 8. c3
Na5 9. Bc2 c5 10. d4 Qc7 11. d5 O-O 12. b3 Bd7 13. Nbd2 c4 14. b4 Nb7 15. Nf1
Ne8 16. Ng3 g6 17. Bh6 Ng7 18. a4 f6 19. Ra3 Rfb8 20. Qa1 Qc8 21. Qa2 Ne8 22.
Ra1 Nc7 23. a5 Nd8 24. Bd2 Nf7 25. Rf1 f5 26. exf5 gxf5 27. Qb1 e4 28. Nd4 Nxd5
29. f3 e3 30. Ngxf5 exd2 31. Be4 Bxf5 32. Nxf5 Bf8 33. Bxd5 Ra7 34. Qe4 Qd8 35.
Qg4+ Kh8 36. Qd4+ Ne5 37. Qxa7 Qf6 38. Qxb8 Qxf5 39. Ra2 Nd7 40. Be4 Qf4 41.
Qa7 Nf6 42. Qd4 Bh6 43. Rxd2 1-0

[Event "SERBIA CHESS OPEN 2021 – MASTERS"]
[Site "Belgrade, Hotel Metropol"]
[Date "2021.07.06"]
[Round "6.122"]
[White "Dimitrijevic, Dusan"]
[Black "Papakonstantinou, Dimitrios"]
[Result "0-1"]
[WhiteElo "2122"]
[BlackElo "2251"]
[PlyCount "70"]
[EventDate "2021.??.??"]

1. e4 Nf6 2. e5 Nd5 3. d4 d6 4. c4 Nb6 5. f4 dxe5 6. fxe5 Nc6 7. Be3 Bf5 8. Nc3
e6 9. Nf3 Bb4 10. Rc1 O-O 11. Be2 Na5 12. Bg5 Qd7 13. O-O h6 14. Bh4 Nbxc4 15.
Bxc4 Nxc4 16. Qb3 Bxc3 17. Qxc3 Nb6 18. Qxc7 Qd5 19. b3 Rac8 20. Qe7 Qe4 21.
Bf2 Bg4 22. Rce1 Qd5 23. Be3 Rc2 24. Qh4 Bf5 25. Bxh6 gxh6 26. Qxh6 Rfc8 27.
Nh4 Qxd4+ 28. Kh1 Qg4 29. Rf3 Rxg2 30. Nxf5 exf5 31. Rh3 Qg7 32. Qd6 Rg6 33.
Qd3 Qxe5 34. Rhe3 Qd5+ 35. Qxd5 Nxd5 0-1

[Event "SERBIA CHESS OPEN 2021 – MASTERS"]
[Site "Belgrade, Hotel Metropol"]
[Date "2021.07.06"]
[Round "6.124"]
[White "Gajcin, Marina"]
[Black "Trippold, Denise"]
[Result "1-0"]
[WhiteElo "2243"]
[BlackElo "2113"]
[PlyCount "87"]
[EventDate "2021.??.??"]

1. e4 e6 2. d4 d5 3. Nc3 Nf6 4. e5 Nfd7 5. f4 c5 6. Nf3 Nc6 7. Be3 a6 8. Qd2 b5
9. a3 Qa5 10. Ra2 Qb6 11. Ra1 cxd4 12. Nxd4 Bc5 13. Rd1 g5 14. g3 Bb7 15. b4
Bxd4 16. Bxd4 Nxd4 17. Qxd4 Rc8 18. Ne4 dxe4 19. Qxd7+ Kf8 20. Be2 Qc7 21. Rf1
Bd5 22. Qxc7 Rxc7 23. fxg5 Rg8 24. h4 Rxc2 25. Bh5 Rg7 26. a4 bxa4 27. Ra1 a3
28. Rxa3 Ke7 29. Rxa6 Rc1+ 30. Bd1 Bc4 31. Ra7+ Ke8 32. Rf2 e3 33. Rc2 Rxd1+
34. Kxd1 Bb3 35. Rac7 h6 36. gxh6 Rh7 37. Ke2 Bxc2 38. Rxc2 Rxh6 39. b5 Kd7 40.
b6 Rh8 41. Rc7+ Kd8 42. Ra7 Rh5 43. Ra8+ Kd7 44. b7 1-0

[Event "SERBIA CHESS OPEN 2021 – MASTERS"]
[Site "Belgrade, Hotel Metropol"]
[Date "2021.07.06"]
[Round "6.125"]
[White "Gombocz, Ferenc Jr"]
[Black "Skonnord, Uno"]
[Result "1-0"]
[WhiteElo "2236"]
[BlackElo "2112"]
[PlyCount "71"]
[EventDate "2021.??.??"]

1. c4 Nf6 2. g3 g6 3. Bg2 Bg7 4. Nc3 O-O 5. e4 d6 6. Nge2 c5 7. O-O Nc6 8. d3
Rb8 9. h3 a6 10. a4 Bd7 11. Be3 Ne8 12. d4 cxd4 13. Nxd4 Nc7 14. Nde2 b5 15.
axb5 axb5 16. c5 dxc5 17. Bxc5 b4 18. Nd5 Ne6 19. Be3 Bxb2 20. Rb1 Ba3 21. f4
Rb7 22. f5 Nc7 23. Bb6 Qc8 24. Bxc7 Rxc7 25. f6 exf6 26. Nxf6+ Kg7 27. Qd6 Rd8
28. Nd5 Ra7 29. Qf6+ Kg8 30. Qxf7+ Kh8 31. Nef4 Rg8 32. Qf6+ Rg7 33. Nb6 Qd8
34. Nxd7 Qxd7 35. Ne6 Ra6 36. Qf8+ 1-0

[Event "SERBIA CHESS OPEN 2021 – MASTERS"]
[Site "Belgrade, Hotel Metropol"]
[Date "2021.07.06"]
[Round "6.126"]
[White "Thorsbro, Peter"]
[Black "Soubirou, Oriane"]
[Result "1-0"]
[WhiteElo "2233"]
[BlackElo "2101"]
[PlyCount "67"]
[EventDate "2021.??.??"]

1. d4 Nf6 2. c4 c5 3. d5 g6 4. Nc3 d6 5. g3 Bg7 6. Bg2 O-O 7. Nf3 e6 8. O-O
exd5 9. cxd5 Nbd7 10. e4 b5 11. e5 dxe5 12. Nxb5 Ba6 13. a4 Qb6 14. Re1 Rfe8
15. d6 Bxb5 16. axb5 Rad8 17. Qb3 Qxd6 18. Ng5 Rf8 19. Rxa7 h6 20. Rd1 Qb8 21.
Ra8 c4 22. Qxc4 Nb6 23. Rxd8 Qxd8 24. Qxf7+ Rxf7 25. Rxd8+ Rf8 26. Rxf8+ Bxf8
27. Ne6 Bb4 28. Bxh6 Be1 29. Bg5 Nfd5 30. Bd8 Kf7 31. Nc7 Ne7 32. Na6 Nd7 33.
b6 Ba5 34. Bxe7 1-0

[Event "SERBIA CHESS OPEN 2021 – MASTERS"]
[Site "Belgrade, Hotel Metropol"]
[Date "2021.07.06"]
[Round "6.127"]
[White "Sitnic, Adnan"]
[Black "Karacsonyi, Kata"]
[Result "0-1"]
[WhiteElo "2231"]
[BlackElo "2107"]
[PlyCount "84"]
[EventDate "2021.??.??"]

1. e4 c5 2. f4 d5 3. exd5 Nf6 4. Bb5+ Bd7 5. Bxd7+ Qxd7 6. c4 e6 7. Qe2 Bd6 8.
d3 O-O 9. dxe6 fxe6 10. Nf3 Nc6 11. O-O Rae8 12. Nc3 e5 13. f5 Nd4 14. Qd1 Nxf5
15. Bg5 Nh5 16. g4 Nd4 17. Nxd4 exd4 18. Rxf8+ Rxf8 19. Ne4 Nf4 20. Qf3 h6 21.
Nf6+ Rxf6 22. Bxf6 gxf6 23. Re1 Be5 24. Kh1 Kg7 25. h4 Ng6 26. h5 Nf4 27. Kg1
Qf7 28. a3 a5 29. Ra1 Qe7 30. Re1 Ne6 31. Qf5 Qf7 32. Kf2 Nf4 33. Kf3 Nh3 34.
Kg2 Ng5 35. Qc8 Ne6 36. Kf3 Qe7 37. Ke2 Bg3 38. Rd1 Nf4+ 39. Kd2 Qe2+ 40. Kc1
Nxd3+ 41. Rxd3 Bf4+ 42. Kb1 Qf1+ 0-1

[Event "SERBIA CHESS OPEN 2021 – MASTERS"]
[Site "Belgrade, Hotel Metropol"]
[Date "2021.07.06"]
[Round "6.128"]
[White "Petrusic, Velimir"]
[Black "Lever, Erwan"]
[Result "1-0"]
[WhiteElo "2111"]
[BlackElo "2231"]
[PlyCount "69"]
[EventDate "2021.??.??"]

1. d4 Nf6 2. Bg5 e6 3. Nf3 h6 4. Bh4 g5 5. Bg3 d6 6. Nbd2 Nh5 7. e4 Nd7 8. c3
Bg7 9. Nc4 Nxg3 10. hxg3 b6 11. Bd3 Bb7 12. Qe2 Qe7 13. Nfd2 c5 14. e5 dxe5 15.
dxe5 Bxg2 16. Rh2 Bd5 17. Nd6+ Kd8 18. f4 f5 19. Ba6 Nb8 20. Bc4 Bc6 21. b4 Nd7
22. b5 Bd5 23. Bxd5 exd5 24. Nxf5 Qf8 25. Nxg7 Qxg7 26. Qf3 gxf4 27. gxf4 Kc7
28. O-O-O Rad8 29. Nf1 Rhf8 30. Rxd5 Nxe5 31. Rxe5 Kb8 32. Rhe2 Qd7 33. Re7
Qd1+ 34. Kb2 Rd5 35. Re8+ 1-0

[Event "SERBIA CHESS OPEN 2021 – MASTERS"]
[Site "Belgrade, Hotel Metropol"]
[Date "2021.07.06"]
[Round "6.129"]
[White "Strugnell, Carl"]
[Black "Maksimovic, Masa"]
[Result "1/2-1/2"]
[WhiteElo "2229"]
[BlackElo "2008"]
[PlyCount "95"]
[EventDate "2021.??.??"]

1. e4 c5 2. Nf3 d6 3. d4 cxd4 4. Nxd4 Nf6 5. f3 e5 6. Nb3 d5 7. Bg5 dxe4 8.
Qxd8+ Kxd8 9. Nc3 Be6 10. Nxe4 Nbd7 11. O-O-O Kc7 12. Bxf6 gxf6 13. Kb1 a6 14.
Bd3 Rd8 15. Rhf1 h5 16. f4 exf4 17. Rxf4 Bh6 18. Rff1 Rhg8 19. g3 Bg4 20. Rde1
Rge8 21. Nd4 Re5 22. Nf2 Rxe1+ 23. Rxe1 Ne5 24. Nxg4 hxg4 25. Nf5 Bg5 26. Rd1
Rh8 27. Rh1 Rd8 28. Rd1 Nf3 29. Rh1 Re8 30. c3 Re5 31. Nd4 Nxd4 32. cxd4 Rd5
33. Kc2 Rxd4 34. Re1 Kd6 35. Kc3 Rd5 36. b4 Re5 37. Rd1 Rd5 38. a4 Be3 39. Rf1
Bd4+ 40. Kc2 Rg5 41. Be4 b6 42. Kd3 Be5 43. Rf2 a5 44. bxa5 bxa5 45. Bf5 Rg8
46. Ke4 Kc5 47. Rd2 Kb4 48. Bd7 1/2-1/2